000 00285nam a2200121 a 4500
005 20140414093846.0
008 100219s19uu xx uuu eng d
050 _aCD 371
_bSMA [n.d.]
245 _aSmartscript corporation.
650 _aEducation.
942 _cAVM
999 _c109617
_d109617